000
00265nam a2200097 4500
008
160625b xxu||||| |||| 00| 0 eng d
100
_9
1144
_a
Rajput, J.S
245
_a
Experiences in School Education
300
_a
Experiences in School Education
942
_2
ddc
_c
BK
_e
N.Y
999
_c
930
_d
930